00500pab a2200169 454500008004000000100001800040245010000058260000900158300001500167362000800182650001800190650002100208650002000229650001800249650002000267773004300287180718b2015 xxu||||| |||| 00| 0 eng d aWebb, Adam K. aThe rise of the cosmopolitan traditionalists: From the Arab Spring to a global countermovement? c2015 ap.425-440. aSep aCivil society aSocial movements aDemocratization aGlobalization aCosmopolitanism aInternational Political Science Review